Biblioteca de Ripollet
Descripción Física:
1 tríptic ; il. col. ; 10 x 21 cm.
Idioma:
Catalán
MARC
| LEADER | 00000nam a22000007a 4500 | ||
|---|---|---|---|
| 001 | 27327 | ||
| 003 | Arxiu | ||
| 005 | 20260324181152.0 | ||
| 008 | 230131b spa||||| |||| 00| 0 cat d | ||
| 017 | |a B 18674-2014 | ||
| 040 | |a agdb |b cat | ||
| 041 | |a cat | ||
| 245 | |a Biblioteca de Ripollet | ||
| 260 | |a Barcelona : |b Diputació de Barcelona. Gerència de Serveis de Biblioteques ; |c 2014 | ||
| 300 | |a 1 tríptic ; |b il. col. ; |c 10 x 21 cm. | ||
| 610 | 1 | 0 | |a Barcelona (Catalunya : Província). |b Xarxa de Biblioteques Municipals |x Guies |
| 710 | |9 55414 |a Ripollet (Catalunya). |b Ajuntament | ||
| 710 | 1 | |9 52650 |a Barcelona (Catalunya : Província). |b Xarxa de Biblioteques Municipals | |
| 942 | |2 udc |c ARXIU |n 1 | ||
| 952 | |0 0 |1 0 |2 udc |4 0 |6 FU7447 |7 1 |9 65158 |a Arxiu |b Arxiu |d 2023-01-31 |l 0 |o FU-74-47 |p 27327 |r 2023-01-31 00:00:00 |w 2023-01-31 |y ARXIU | ||
| 999 | |c 83036 |d 83036 | ||